| 000 | 00538nam a2200193Ia 4500 | ||
|---|---|---|---|
| 003 | GCL | ||
| 008 | 140319s9999 xx 000 0 eng d | ||
| 040 |
_aGCL / _cGCL |
||
| 082 | 0 | 4 |
_a809.8982 _bS C |
| 100 | 1 | _aSUTHERLAND, ZENA | |
| 245 | 1 | 0 |
_aCHILDREN AND BOOKS / _cSUTHERLAND, ZENA |
| 700 | 1 | _aARBUTHNOT, MAYHILL | |
| 260 |
_a[S.N] : _bHARPER COLLINS COLLEGE PUBLISBERS ، _c1994 |
||
| 300 | _a768\P | ||
| 650 | 0 | 4 | _aCHILDREN - LITERATURE |
| 650 | 0 | 4 | _aCHILDREN - BOOKS AND READING |
| 650 | 0 | 4 | _aCHILDREN - BOOKS |
| 942 |
_2ddc _cBK |
||
| 999 |
_c12333 _d12333 |
||